| 000 | 00949nam a2200241 a 4500 | ||
|---|---|---|---|
| 001 | 9386 | ||
| 003 | BD-RjUL | ||
| 005 | 20211208234753.0 | ||
| 008 | 160828m19681967enkafh b 000 0 eng | ||
| 035 | _a(BD-RjUL)9431 | ||
| 040 |
_aDLC _cDLC _dDLC _dBD-RjUL _beng |
||
| 041 | _aeng | ||
| 082 | 0 | 0 |
_a510.8 _bNEM 1968 _223 |
| 100 | 1 |
_aNewton, Isaac, _d1642-1727. _929078 |
|
| 245 | 1 | 4 |
_aThe mathematical papers of Isaac Newton / _cIsaac Newton, edited by D. T. Whiteside with the assistance in publication of M. A. Hoskin. |
| 260 |
_aCambridge : _bCambridge University Press, _c1967-68 |
||
| 300 |
_a11 Vol. ; _bill. ; _c29 cm. |
||
| 505 | 0 | _aVol. 1. 1664-1666.--v. 2. 1667-1670.--v. 3. 1670-1673.--v. 4. 1674-1684.--v. 5. 1683-1684.--v. 6. 1684-1691.--v. 7. 1691-1695.--v. 8. 1697-1722. | |
| 650 | 0 |
_aMathematics _vEarly works to 1800. _929079 |
|
| 650 | 0 |
_aMathematics. _929080 |
|
| 700 | 1 |
_aWhiteside, D. T. _q(Derek Thomas), _eed. _929081 |
|
| 942 |
_2ddc _cBK |
||
| 999 |
_c9386 _d9386 |
||